[Event "Sankt Augustin"]
[Site "Sankt Augustin"]
[Date "1990.??.??"]
[Round "3"]
[White "Kaeser, Udo"]
[Black "Tischbierek, Raj"]
[Result "1/2-1/2"]
[WhiteElo "2270"]
[BlackElo "2440"]

1.e4 c5 2.c3 Nf6 3.e5 Nd5 4.d4 cxd4 5.Nf3 Nc6 6.Bc4 Nb6 7.Bb3 d5 8.exd6 Qxd6
9.O-O Be6 10.Bxe6 Qxe6 11.Nxd4 Qd7 12.Nxc6 Qxc6 13.Nd2 e6 14.Qf3 Qxf3 15.Nxf3 Bc5
16.b3 f6 17.c4 O-O-O 18.Be3 Bxe3 19.fxe3 e5 20.Rad1 Kc7 21.Kf2 Kc6 22.Ke2 a5
23.g4 Rxd1 24.Rxd1 Nd7 25.Rd5 Nc5 26.Nh4 g6 27.g5 Ne4 28.Rxa5 Nxg5 29.b4 Ne4
30.Kd3 Nd6 31.c5 Nf7 32.Kc4 e4 33.b5+ Kc7 34.Kd5 Re8 35.Ng2 g5 36.Ne1 f5
37.Ra7 Kb8 38.Ra3 f4 39.exf4 gxf4 40.Rh3 Ng5 41.Rh5 f3 42.Nc2 h6 43.Rxh6 e3
44.Nxe3 Rxe3 45.Rf6 Nh3 46.b6 Re8 47.Rxf3 Rh8  1/2-1/2

[Event "Santa Clara"]
[Site "Santa Clara"]
[Date "1990.??.??"]
[Round "7"]
[White "Sariego, Wilfredo"]
[Black "Martin del Campo, Jorge"]
[Result "1/2-1/2"]
[WhiteElo "2405"]
[BlackElo "2465"]

1.e4 c5 2.c3 Nf6 3.e5 Nd5 4.d4 cxd4 5.Nf3 Nc6 6.Bc4 Nb6 7.Bb3 d5 8.exd6 Qxd6
9.O-O Be6 10.Bxe6 Qxe6 11.Nxd4 Nxd4 12.Qxd4 Rd8 13.Qe3 Qf5 14.Nd2 e6 15.Qe4 Qd5
16.Qxd5 Nxd5 17.Ne4 Be7 18.Bd2 O-O 19.Rfd1  1/2-1/2

[Event "GRE-ch"]
[Site "Serres"]
[Date "1990.??.??"]
[Round "7"]
[White "Martidis, Alkis"]
[Black "Skembris, Spyridon"]
[Result "1/2-1/2"]
[WhiteElo "2300"]
[BlackElo "2470"]

1.e4 c5 2.c3 Nf6 3.e5 Nd5 4.d4 cxd4 5.Nf3 e6 6.cxd4 d6 7.a3 Bd7 8.Bd3 Bc6
9.O-O Nd7 10.Re1 dxe5 11.dxe5 Nc5 12.Bc2 Be7 13.b4 Na6 14.Nd4 Nac7 15.Nxc6 bxc6
16.Qg4 Kf8 17.Nd2 h5 18.Qc4 Qd7 19.Nb3 Nb6  1/2-1/2

[Event "URS-ch U20"]
[Site "Sochi"]
[Date "1990.??.??"]
[Round "?"]
[White "Novik, Maxim"]
[Black "Alterman, Boris"]
[Result "1/2-1/2"]
[WhiteElo "2390"]
[BlackElo "2360"]

1.e4 c5 2.c3 Nf6 3.e5 Nd5 4.d4 cxd4 5.Nf3 Nc6 6.cxd4 d6 7.Bc4 Nb6 8.Bb5 dxe5
9.Nxe5 Bd7 10.Nc3 e6 11.Nxd7 Qxd7 12.Qg4 Rd8 13.Be3  1/2-1/2

[Event "Stara Zagora zt-B"]
[Site "Stara Zagora"]
[Date "1990.??.??"]
[Round "13"]
[White "Palkovi, Jozsef"]
[Black "Stohl, Igor"]
[Result "1/2-1/2"]
[WhiteElo "2440"]
[BlackElo "2530"]

1.e4 c5 2.c3 Nf6 3.e5 Nd5 4.d4 cxd4 5.cxd4 d6 6.Bc4 Nb6 7.Bb5+ Nc6 8.Nf3 dxe5
9.Nxe5 Bd7 10.Nc3 e6 11.O-O Be7 12.Qf3 O-O 13.Rd1 Rc8 14.Nxd7 Qxd7 15.d5 Nxd5
16.Nxd5 exd5 17.Rxd5 Qe6 18.Bf4 Bf6 19.Rad1 Bxb2 20.h3 Rfe8 21.Qb3 Bf6 22.Rd7 Qxb3
23.axb3 g5 24.Be3 a6 25.Bxc6 bxc6 26.Ra7 Ra8 27.Rdd7  1/2-1/2

[Event "Tatran Cup"]
[Site "Stary Smokovec"]
[Date "1990.??.??"]
[Round "2"]
[White "Salai, Ladislav"]
[Black "Hracek, Zbynek"]
[Result "0-1"]
[WhiteElo "2450"]
[BlackElo "2475"]

1.e4 c5 2.c3 Nf6 3.e5 Nd5 4.d4 cxd4 5.Nf3 e6 6.cxd4 d6 7.a3 Nd7 8.Bd3 dxe5
9.dxe5 Nc5 10.Bc2 b5 11.O-O Be7 12.Nd4 Bd7 13.Qg4 g6 14.Bh6 Bf8 15.Bxf8 Kxf8
16.b4 Na4 17.Nd2 h5 18.Qg3 Qb6 19.N2b3 Rd8 20.h4 Bc8 21.Qg5 Kg7 22.Kh2 Rhf8
23.Rae1 Qc7 24.f4 a6 25.Rf3 Rde8 26.Rc1 Qd8 27.Na5 Nab6 28.Be4 Nxb4 29.axb4 Qxd4
30.Qf6+ Kh7 31.Bb1 Qd8 32.Qg5 Qxg5 33.fxg5 Rd8 34.Rc7 Kg7 35.Ba2 Rd4 36.Rc6 Rxh4+
37.Kg1 Nd7 38.Rfc3 Rxb4 39.Bb3 Re4 40.Rxc8 Rxc8 41.Rxc8 Rxe5 42.Rc7 Nc5 43.Nc6 Re1+
44.Kf2 Rc1 45.Ba2 Nd3+  0-1

[Event "Rilton Cup"]
[Site "Stockholm"]
[Date "1990.??.??"]
[Round "5"]
[White "Christensen, Tobias"]
[Black "Rytshagov, Mikhail"]
[Result "1/2-1/2"]
[WhiteElo "2280"]
[BlackElo "2435"]

1.e4 c5 2.c3 Nf6 3.e5 Nd5 4.d4 cxd4 5.Nf3 Nc6 6.cxd4 d6 7.Nc3 dxe5 8.dxe5 Nxc3
9.Qxd8+ Nxd8 10.bxc3 Bd7 11.Nd4 Rc8 12.Bb2 Nc6 13.f4 Nxd4 14.cxd4 Rc2 15.Bc1 e6
16.Bd2 Bc6 17.Rg1 Be7 18.Bd3 Rb2 19.Bc4 O-O 20.Bb3 Rd8 21.Bc3 Rxg2 22.Rxg2 Bxg2
23.Ke2 g6 24.Rc1 Ba3 25.Re1 Bd5 26.Kd3 Bxb3 27.axb3 Be7 28.Ra1 a6 29.Ra4 Kf8
30.Rc4 Ke8 31.Ba5 Rb8 32.Bb6 Bd8 33.Bxd8 Kxd8 34.Rc1 Kd7 35.Rg1 Rc8 36.Ra1 Rc6
37.Kd2 Rb6 38.Kc3 Kc6 39.Kc4 Rb5 40.Ra2 Rd5 41.Rc2 Kd7 42.Ra2 Kc8 43.Kc3 Rd7
44.Ra1 Rc7+ 45.Kd3 Rc6 46.h4 h5 47.Ra4 Rc1 48.Rc4+ Rxc4 49.bxc4 b5 50.c5 Kc7
51.Kc3 a5 52.Kb2 Kd7 53.Kc3 Ke7 54.Kd3 f6 55.exf6+ Kxf6 56.Kc3 Ke7 57.Kd3 Kd7
58.Kc3 Kc6 59.Kb3 Kd5 60.Kc3 Kc6 61.Kb3 Kb7 62.Ka3 b4+ 63.Kb3 Ka7 64.Ka4 Ka6
65.Kb3 Kb5 66.Kb2 a4 67.Kc2 b3+ 68.Kc3 Ka6 69.Kb2 Ka5 70.Ka3 Kb5 71.Kb2 Kc6
72.Kc3 Kd7 73.Kb2 Ke7 74.Ka3 Kf7 75.Kb2 Kf6 76.Kc3 Ke7 77.Kb2 Kd7 78.Kc3 Kc7
79.Kb2 Kb7 80.Kc3 Ka7 81.Kb2  1/2-1/2

[Event "Sumperk op"]
[Site "Sumperk"]
[Date "1990.??.??"]
[Round "8"]
[White "Maciejewski, Andrzej"]
[Black "Novotny, Josef"]
[Result "1-0"]
[WhiteElo "2415"]
[BlackElo "2205"]

1.e4 c5 2.c3 Nf6 3.e5 Nd5 4.d4 cxd4 5.Nf3 Nc6 6.cxd4 d6 7.Bc4 Nb6 8.Bb5 dxe5
9.Nxe5 Bd7 10.Bxc6 Bxc6 11.Nxc6 bxc6 12.O-O g6 13.Nc3 Bg7 14.Be3 O-O 15.Qe2 Nd5
16.Nxd5 Qxd5 17.Rfd1 Rfd8 18.b3 Qe4 19.Qc4 Rd6 20.Qc5 f5 21.g3 Rad8 22.Rac1 Kh8
23.Re1 Rd5 24.Qxa7 Qf3 25.Qxe7 f4 26.Bxf4 Bxd4 27.Qe2 Qxe2 28.Rxe2 c5 29.h4 Rf5
30.Rc4 Rdf8 31.b4 h6 32.bxc5 Bxc5 33.Be5+  1-0

[Event "Tastrup-B"]
[Site "Tastrup"]
[Date "1990.??.??"]
[Round "1"]
[White "Bern, Ivar"]
[Black "Adamski, Jan"]
[Result "1/2-1/2"]
[WhiteElo "2370"]
[BlackElo "2410"]

1.e4 c5 2.c3 Nf6 3.d3 Nc6 4.f4 g6 5.Nf3 Bg7 6.g3 O-O 7.Bg2 d6 8.O-O Rb8 9.Qe2 Bg4
10.h3 Bxf3 11.Qxf3 e6 12.Be3 Qb6 13.Qf2 Nd7 14.Na3 a6 15.Rad1 Rbc8 16.g4 Qd8
17.d4 cxd4 18.cxd4 Ne7 19.Rc1 Rxc1 20.Rxc1 d5  1/2-1/2

[Event "Tel Aviv"]
[Site "Tel Aviv"]
[Date "1990.??.??"]
[Round "?"]
[White "Karp, Michael"]
[Black "Cramling, Pia"]
[Result "0-1"]
[WhiteElo "2250"]
[BlackElo "2505"]

1.e4 c5 2.c3 Nf6 3.e5 Nd5 4.d4 cxd4 5.Nf3 e6 6.cxd4 b6 7.Bd3 Qc7 8.a3 d6
9.O-O Nd7 10.Qe2 Be7 11.Bd2 Bb7 12.Rc1 Qd8 13.Nc3 Nxc3 14.Rxc3 Rc8 15.Rac1 Rxc3
16.Rxc3 h6 17.Ba6 Qb8 18.Bxb7 Qxb7 19.Qc4 dxe5 20.Qc8+ Qxc8 21.Rxc8+ Bd8
22.dxe5 a5 23.b4 O-O 24.Kf1 axb4 25.axb4 Be7 26.Rc7 Rd8 27.Ke2 Kf8 28.Bc3 Ke8
29.h3 Ra8 30.Kd3 Kd8 31.Rc4 Ra2 32.Nd2 g5 33.Re4 b5 34.g3 Nb6 35.f4 Nd5 36.fxg5 hxg5
37.Rg4 Ra3 38.Nb1 Rb3 39.Kc2 Rxb1 40.Kxb1 Nxc3+ 41.Kc2 Nd5 42.Kb3 Ne3 43.Rd4+ Kc7
44.Rd3 Nc4  0-1

[Event "Toronto1"]
[Site "Toronto"]
[Date "1990.??.??"]
[Round "1"]
[White "O'Donnell, Tom"]
[Black "Kozul, Zdenko"]
[Result "0-1"]
[WhiteElo "2410"]
[BlackElo "2575"]

1.e4 c5 2.c3 Nf6 3.e5 Nd5 4.d4 cxd4 5.Nf3 Nc6 6.cxd4 d6 7.Nc3 dxe5 8.dxe5 Nxc3
9.Qxd8+ Nxd8 10.bxc3 Bd7 11.Bd3 Rc8 12.Bd2 g6 13.O-O Bg7 14.Rfe1 O-O 15.Nd4 Ne6
16.f4 Rfd8 17.Bf1 f6 18.Nxe6 Bxe6 19.Be3 fxe5 20.Bxa7 Rxc3 21.fxe5 Rc2 22.a4 Bd5
23.a5 Rf8 24.Ra3 Rf5 25.Bd4 Rf4 26.Rc3 Ra2 27.Bb6 e6 28.Rc5 h5 29.g3 Rf5
30.Bh3 Rg5 31.Bd8 Rxe5 32.Rxe5 Bxe5 33.Bxe6+ Bxe6 34.Rxe5 Bh3 35.Rb5 Rg2+
36.Kh1 Rd2 37.Bb6 Rd1+ 38.Bg1 Bd7 39.Rc5 Bc6+ 40.Rxc6 bxc6 41.a6 Ra1 42.a7 Kf7
43.Kg2 Ke6 44.Kf3 Ra4  0-1

[Event "Toulouse op"]
[Site "Toulouse"]
[Date "1990.??.??"]
[Round "2"]
[White "Lalic, Susan"]
[Black "Velikov, Petar"]
[Result "1/2-1/2"]
[WhiteElo "2270"]
[BlackElo "2495"]

1.e4 c5 2.c3 Nf6 3.e5 Nd5 4.d4 cxd4 5.Nf3 e6 6.cxd4 d6 7.a3 Bd7 8.Bd3 Bc6
9.O-O Nd7 10.Re1 Be7 11.Qe2 a5 12.Nc3 dxe5 13.dxe5 Nxc3 14.bxc3 O-O 15.Nd4 Nc5
16.Nxc6 bxc6 17.Bc2 Qc7 18.a4 Rfd8 19.Ra3 Nd7 20.Rb3 g6 21.g3 Nc5 22.Rb1 Rd5
23.f4 Rdd8 24.Be3 Rab8 25.Qc4 Nd7 26.Be4 c5 27.Red1 Nb6 28.Rxd8+ Qxd8 29.Qb5 Nd7
30.Qd3 Rxb1+ 31.Qxb1 Nb6 32.Qb5 Qd1+ 33.Kf2 Qxa4 34.Qxb6 Qxe4 35.Qxa5 Qc2+
36.Kf3 c4 37.Qc7 Bf8 38.Qxc4 Qxh2 39.Qe2 Qh1+ 40.Kf2 h5 41.Qf3 Qb1 42.Bd4 Kg7
43.Kg2 Ba3 44.Kh2 Bb2 45.Kg2 Qe1 46.Qd3 Qc1 47.c4 Bxd4 48.Qxd4 Qc2+ 49.Kf3 Qh2
50.c5 Qh3 51.Kf2 Qh2+ 52.Kf3 Qc2 53.Qd6 Qc3+ 54.Kg2 Qc2+ 55.Kf3 Qc3+ 56.Kg2  1/2-1/2

[Event "Toulouse op"]
[Site "Toulouse"]
[Date "1990.??.??"]
[Round "9"]
[White "Emms, John M"]
[Black "Palac, Mladen"]
[Result "0-1"]
[WhiteElo "2400"]
[BlackElo "2505"]

1.e4 c5 2.c3 Nf6 3.e5 Nd5 4.d4 cxd4 5.Nf3 e6 6.cxd4 d6 7.a3 Bd7 8.Bd3 Bc6
9.O-O Nd7 10.Re1 Be7 11.Qc2 Rc8 12.Bxh7 dxe5 13.Bd3 exd4 14.Nxd4 Bf6 15.Nxc6 Rxc6
16.Qd1 Bd4 17.h3 Qf6 18.Qe2 Rxh3 19.gxh3 Rxc1 20.Nc3 Nf4 21.Qf3 Rxe1+ 22.Rxe1 Nxh3+
23.Kg2 Nf4+ 24.Kf1 Nxd3 25.Qxf6 Bxf6 26.Re2 Bxc3 27.bxc3 N7c5 28.Re3 Nb2
29.Rh3 Nc4 30.Rh8+ Kd7 31.Rf8 f5 32.Rf7+ Kc6  0-1

[Event "Val Maubuee op"]
[Site "Val Maubuee"]
[Date "1990.??.??"]
[Round "?"]
[White "Sveshnikov, Evgeny"]
[Black "Shirov, Alexei"]
[Result "1/2-1/2"]
[WhiteElo "2515"]
[BlackElo "2500"]

1.e4 c5 2.c3 Nf6 3.e5 Nd5 4.Nf3 Nc6 5.d4 cxd4 6.cxd4 d6 7.Bc4 Nb6 8.Bb5 dxe5
9.Nxe5 Bd7 10.Nxd7 Qxd7 11.Nc3 e6 12.Qg4 h5 13.Qf3 a6 14.Bxc6 Qxc6 15.Qxc6+ bxc6
16.Ke2 Kd7 17.Ne4 Nd5 18.Bd2 Be7 19.Rhc1  1/2-1/2

[Event "Val Maubuee op2"]
[Site "Val Maubuee"]
[Date "1990.??.??"]
[Round "?"]
[White "Michel Yunis, Christian D"]
[Black "Palac, Mladen"]
[Result "0-1"]
[WhiteElo "2370"]
[BlackElo "2505"]

1.e4 c5 2.c3 Nf6 3.e5 Nd5 4.d4 cxd4 5.Qxd4 e6 6.Nf3 Nc6 7.Qe4 f5 8.exf6 Nxf6
9.Qh4 d5 10.Bd3 Bd6 11.Bg6+ Ke7 12.Bc2 e5 13.Bg5 Qb6 14.Bb3 Be6 15.O-O h6
16.Bxf6+ gxf6 17.Nbd2 Rag8 18.Rfe1 Rg4 19.Qh5 Rhg8 20.g3 Bc5 21.Re2 Qb5 22.Kf1 Nd8
23.a4 Qd3 24.Ne1 Qh7 25.Bc2 Qg7 26.Nef3 Nf7 27.Rae1 Bd6 28.Re3 Rg5 29.Nxg5 hxg5
30.Qf3 Rh8 31.c4 e4 32.Nxe4 dxe4 33.Rxe4 Ne5 34.Rxe5 fxe5 35.Qxb7+ Kf6 36.Qf3+ Ke7
37.c5 Bxc5 38.Qc6 Rc8 39.Qb7+ Kf8 40.Qb5 Qf6 41.Qe2 Bc4  0-1

[Event "Val Maubuee op"]
[Site "Val Maubuee"]
[Date "1990.??.??"]
[Round "?"]
[White "Strikovic, Aleksa"]
[Black "Lanka, Zigurds"]
[Result "1/2-1/2"]
[WhiteElo "2465"]
[BlackElo "2480"]

1.e4 c5 2.c3 Nf6 3.e5 Nd5 4.d4 cxd4 5.Nf3 Nc6 6.Bc4 Nb6 7.Bb3 d6 8.exd6 e6
9.cxd4 Bxd6 10.Nc3 Be7 11.O-O O-O 12.a3 Bf6 13.Be3 Na5 14.Ba2 Nac4 15.Qe2 Nd6
16.Rfd1 Re8 17.Bf4 Nd5 18.Nxd5 exd5 19.Be5 Be6 20.Bxf6 Qxf6 21.Qe5 Nc4 22.Qxf6 gxf6
23.Bxc4 dxc4 24.Nd2 Bd5 25.Nb1 Be4 26.Nc3 Bd3 27.Re1 Re6 28.Re3 Rd8 29.d5 Rxe3
30.fxe3 f5 31.Kf2 Kg7 32.Rg1 Rd6 33.g4 Rb6 34.gxf5+ Kf8 35.e4 Rxb2+ 36.Ke3 Rxh2
37.f6 Rh6 38.e5 b6 39.Kf4 Bg6 40.e6 fxe6 41.dxe6 Rh5 42.Rg5 Rxg5 43.Kxg5 a6
44.a4 Be8 45.Kh6 Bg6 46.Kg5 Be8 47.Kh6 Bg6 48.Kg5  1/2-1/2

[Event "Vladivostok op"]
[Site "Vladivostok"]
[Date "1990.??.??"]
[Round "?"]
[White "Vorotnikov, Vladislav V"]
[Black "Labunskiy, D."]
[Result "1/2-1/2"]
[WhiteElo "2405"]
[BlackElo "2340"]

1.e4 c5 2.c3 Nf6 3.e5 Nd5 4.d4 cxd4 5.Qxd4 e6 6.Nf3 Nc6 7.Qe4 Qc7 8.Nbd2 Nde7
9.Nc4 Ng6 10.h4 f6 11.Bf4 Nxf4 12.Qxf4 Be7 13.Nd6+ Bxd6 14.exd6 Qb6 15.Qd2 Qc5
16.Rh3 b6 17.Rg3 g6 18.b4 Qh5 19.Qf4 Qf5 20.Qe3 Bb7 21.a4 Qc2 22.Nd4 Nxd4
23.Qxd4 Qe4+ 24.Qxe4 Bxe4 25.a5 Kf7 26.c4 Rab8 27.Re3 Bf5 28.axb6 axb6 29.f4 Rhe8
30.Be2 h5 31.c5 bxc5 32.bxc5 Ra8 33.Rc1 e5 34.c6 dxc6 35.fxe5 Rxe5 36.Rxe5 fxe5
37.Rxc6 Ke6 38.Bc4+ Kd7 39.Bb5 Ke6 40.d7+ Ke7 41.Rc5  1/2-1/2

[Event "Xanthi"]
[Site "Xanthi"]
[Date "1990.??.??"]
[Round "9"]
[White "Martidis, Alkis"]
[Black "Velikov, Petar"]
[Result "1-0"]
[WhiteElo "2300"]
[BlackElo "2495"]

1.e4 c5 2.c3 Nf6 3.e5 Nd5 4.d4 cxd4 5.Nf3 e6 6.cxd4 d6 7.Bc4 Nc6 8.O-O Be7
9.Qe2 Nb6 10.Bb5 Bd7 11.Nc3 d5 12.Bd3 Nb4 13.Bb1 Na4 14.Nxa4 Bxa4 15.b3 Bd7
16.a3 Nc6 17.Be3 Qb6 18.Nd2 Nd8 19.Rc1 Bb5 20.Qg4 g6 21.a4 Bd7 22.a5 Qb4
23.Bd3 Rc8 24.Rxc8 Bxc8 25.Qd1 Bd7 26.Nf3 Qc3 27.a6 bxa6 28.Rxa6 Qc7 29.Qa1 Nc6
30.Bb5 O-O 31.Bxc6 Bxc6 32.Rxa7 Bb7 33.h3 Qb6 34.Qa5 Qxa5 35.Rxa5 Bc6 36.Ra6 Rc8
37.Bg5 Bf8 38.Bf6 h6 39.Rb6 g5 40.Kf1 Ba3 41.Ke2 Be8 42.Kd2 Kh7 43.Ne1 Bc1+
44.Kd3 Bb2 45.Nc2 Kg6 46.g4 h5 47.Kd2 Bc3+ 48.Kd1 Ba5 49.Ra6 Bc3 50.Rb6 hxg4
51.hxg4 Ra8 52.Rb7 Rc8 53.Be7 Bc6 54.Rb6 Ba5 55.Ra6 Bc3 56.Rb6 Ba5 57.Ra6 Bc3
58.Bc5 Bb5 59.Rb6 Bd3 60.Nb4 Bb1 61.Nxd5  1-0

[Event "Zuerich op"]
[Site "Zuerich"]
[Date "1990.??.??"]
[Round "?"]
[White "Linker, Torsten"]
[Black "Licina, Anita"]
[Result "1-0"]
[WhiteElo "2330"]
[BlackElo "2090"]

1.e4 c5 2.c3 Nf6 3.e5 Nd5 4.d4 e6 5.Nf3 cxd4 6.cxd4 Qc7 7.Bd2 d6 8.Nc3 Nxc3
9.bxc3 Bd7 10.Bd3 Bc6 11.O-O Nd7 12.Re1 Rc8 13.Rb1 Be7 14.exd6 Bxd6 15.c4 O-O
16.Ng5 Nf6 17.d5 exd5 18.Bc3 Ne4 19.Bxe4 dxe4 20.Qh5 h6 21.Nxe4 Bxe4 22.Rxe4 f6
23.Qd5+ Rf7 24.Rd1 Rd8 25.g3 Be7 26.Qh5 Rxd1+ 27.Qxd1 Bc5 28.Re8+ Kh7 29.Qd3+ g6
30.Qd5 Kg7 31.Qe6 Be7 32.Bd4 b6 33.a4 Qd6 34.Bxf6+ Rxf6 35.Qg8+  1-0

[Event "Aarhus op"]
[Site "Aarhus"]
[Date "1991.??.??"]
[Round "3"]
[White "Christensen, Tobias"]
[Black "Tompa, Janos"]
[Result "1/2-1/2"]
[WhiteElo "2300"]
[BlackElo "2445"]

1.e4 c5 2.c3 Nf6 3.e5 Nd5 4.d4 cxd4 5.Nf3 e6 6.cxd4 d6 7.Nc3 Nxc3 8.bxc3 Qc7
9.Bd2 Nd7 10.exd6 Bxd6 11.Bd3 b6 12.O-O Bb7 13.Re1 O-O 14.h3 Rfd8 15.Qe2 Bf4
16.Bxf4 Qxf4 17.Qe3 Qxe3 18.fxe3 Rac8 19.Rac1 Nc5 20.Bc2 Ne4 21.c4 Kf8 22.Bb3 Ba6
23.Rc2 Rc7 24.Rec1 Rdc8 25.Ne5 Nd6 26.c5 bxc5 27.Rxc5 Rxc5 28.Rxc5 Rxc5 29.Nd7+ Ke7
30.Nxc5 Bc4 31.Kf2 Bxb3 32.axb3 Kd8 33.Kf3 h6 34.Ne4 Nb5 35.g4 g5 36.Ke2 f5
37.Nc5 Ke7 38.Kf3 Nc3 39.Nd3 Ne4 40.Ne5 Nd2+ 41.Ke2 Nxb3 42.Nc6+ Kf6 43.Nxa7 Na5
44.Nb5 Nc6 45.Kf3  1/2-1/2

[Event "Athens"]
[Site "Athens"]
[Date "1991.??.??"]
[Round "7"]
[White "Pandavos, Emanouel"]
[Black "Skembris, Spyridon"]
[Result "1/2-1/2"]
[WhiteElo "2355"]
[BlackElo "2455"]

1.e4 c5 2.c3 Nf6 3.e5 Nd5 4.d4 cxd4 5.Nf3 e6 6.cxd4 b6 7.a3 Be7 8.Bd3 Ba6
9.O-O O-O 10.Nc3 Nxc3 11.bxc3 Bxd3 12.Qxd3 d5 13.exd6 Qxd6 14.Rd1 Nc6 15.a4 Rfd8
16.Ba3 Qc7 17.Bxe7 Nxe7 18.c4 Rac8 19.Rac1 h6 20.h3 Rd6 21.Qa3 Ng6 22.a5 Rc6
23.axb6 axb6 24.Qb3 Rxc4 25.Rxc4 Qxc4 26.Qxb6 Qd5 27.Ra1 Nf4 28.Kh2 Qe4 29.Qa6 Rd8
30.Qb6 Rf8 31.Qd6 Nd3 32.Kg1 Ra8 33.Rf1 Kh7 34.Qd7 f6 35.Nd2 Qe2 36.Qc6 Ra2
37.Qe4+ Qxe4 38.Nxe4 Ra4 39.Rd1 Rxd4 40.f3 Nf4 41.Ra1 f5 42.Nf2 Rd2 43.g3 Ne2+
44.Kg2 Kg6 45.f4 Rc2 46.Re1 Kf6 47.Kf3 Nd4+ 48.Ke3 Nb3 49.Nd3 Rg2 50.Kf3 Rh2
51.Rd1 Nd2+ 52.Ke3 Ne4 53.Ne5 Rxh3 54.Rd7 Rxg3+ 55.Kd4 Nd6 56.Rxd6 g5 57.fxg5+ hxg5
58.Rd7 g4 59.Rf7+ Kg5 60.Re7 Kf6 61.Rf7+ Kg5 62.Re7 Rg1 63.Rxe6 Rd1+ 64.Ke3 f4+
65.Ke2 Ra1 66.Nf3+ gxf3+ 67.Kxf3 Ra3+ 68.Kf2 Kg4 69.Rg6+  1/2-1/2

[Event "Augsburg"]
[Site "Augsburg"]
[Date "1991.??.??"]
[Round "2"]
[White "Roeder, Frank"]
[Black "Majorovas, Vitalijus"]
[Result "1/2-1/2"]
[WhiteElo "2290"]
[BlackElo "2450"]

1.e4 c5 2.c3 Nf6 3.e5 Nd5 4.d4 cxd4 5.cxd4 d6 6.Nf3 Nc6 7.Bc4 Nb6 8.Bb5 dxe5
9.Nxe5 Bd7 10.Nc3 e6 11.O-O Be7 12.Qf3  1/2-1/2

[Event "JUG-ch"]
[Site "Banja Vrucica"]
[Date "1991.??.??"]
[Round "?"]
[White "Karaklajic, Nikola"]
[Black "Bakic, Dragan"]
[Result "1-0"]
[WhiteElo "2375"]
[BlackElo "2235"]

1.e4 c5 2.c3 Nf6 3.e5 Nd5 4.d4 cxd4 5.Nf3 e6 6.cxd4 d6 7.Bc4 Nc6 8.O-O dxe5
9.dxe5 Be7 10.Qe2 Nb6 11.Rd1 Qc7 12.Nc3 a6 13.Bd3 Bd7 14.a3 Na5 15.Bg5 f6
16.Bh4 Nb3 17.Rab1 O-O-O 18.Ne4 Rhf8 19.Nd6+ Kb8 20.Bc2 Ba4 21.Bxb3 Bxb3
22.Rdc1 Qd7 23.Qe3 Bxd6 24.Qxb6 Ba2 25.exd6 Bxb1 26.Rc7 Be4 27.Rxd7 Rxd7
28.Nd2 Rc8 29.f3 Bd5 30.Ne4 Bxe4 31.fxe4 Rc1+ 32.Kf2 e5 33.Kf3 Rc6 34.Qb3 Rcxd6
35.Qg8+ Kc7 36.Be1 g6 37.Bc3 b5 38.Ke2 Kb7 39.h4 Rc6 40.Qe8 Rcd6 41.g4 a5
42.g5 b4 43.axb4 axb4 44.Bxb4 Rd4 45.gxf6 Rxe4+ 46.Kf3 Rdd4 47.Bd2 Rxh4 48.Qb5+ Kc8
49.f7  1-0

[Event "Bardejov"]
[Site "Bardejov"]
[Date "1991.??.??"]
[Round "?"]
[White "David, Pavel"]
[Black "Plachetka, Jan"]
[Result "0-1"]
[WhiteElo "2400"]
[BlackElo "2425"]

1.e4 c5 2.c3 Nf6 3.e5 Nd5 4.d4 cxd4 5.Nf3 e6 6.cxd4 b6 7.Bd3 Bb4+ 8.Bd2 Bxd2+
9.Nfxd2 Ba6 10.Ne4 O-O 11.Nbc3 Bxd3 12.Qxd3 Nxc3 13.bxc3 Nc6 14.O-O Ne7 15.f4 f5
16.exf6 gxf6 17.Rf3 d5 18.Ng3 Qd6 19.Re1 Rae8 20.Nh5 Nf5 21.g4 Ng7 22.Ng3 Rf7
23.Ree3 Rc8 24.Ne2 Ne8 25.Rh3 Rg7 26.Reg3 Qd7 27.g5 f5 28.Re3 Nd6 29.Ng3 Ne4
30.Nh5 Rf7 31.Qe2 Kf8 32.Nf6 Qc7 33.Qf3 b5 34.Rh6 b4 35.Qh5 Qxf4 36.Rxe4 fxe4
37.Nxh7+ Ke7 38.Rf6 Rxf6 39.gxf6+ Kd6 40.Qf7 Qg4+ 41.Kf1 Qh3+ 42.Kg1 Qg4+
43.Kf1 Rxc3 44.Qf8+ Kc6 45.Qe8+ Kb6 46.Qb8+ Ka6 47.Qd6+ Kb5 48.Qd7+ Kc4  0-1

[Event "Bardejov"]
[Site "Bardejov"]
[Date "1991.??.??"]
[Round "?"]
[White "Salai, Ladislav"]
[Black "David, Pavel"]
[Result "1/2-1/2"]
[WhiteElo "2380"]
[BlackElo "2400"]

1.e4 c5 2.c3 Nf6 3.e5 Nd5 4.d4 cxd4 5.Nf3 Nc6 6.Bc4 e6 7.cxd4 d6 8.O-O Be7
9.Qe2 O-O 10.Nc3 Nxc3 11.bxc3 dxe5 12.dxe5 b6 13.Qe4  1/2-1/2

[Event "Pan American"]
[Site "Bariloche"]
[Date "1991.??.??"]
[Round "5"]
[White "Sequeira, Joao F A"]
[Black "Estrada Nieto, Julian"]
[Result "1-0"]
[WhiteElo "2285"]
[BlackElo "2260"]

1.e4 c5 2.c3 Nf6 3.e5 Nd5 4.d4 cxd4 5.cxd4 d6 6.Bc4 Nb6 7.Bb5+ Bd7 8.e6 Bxb5
9.Qh5 Qc8 10.Qxb5+ Kd8 11.Be3 fxe6 12.Nc3 Qc4 13.Qg5 Nd5 14.Nge2 Nxc3 15.bxc3 Nd7
16.Rb1 Qxa2 17.Rxb7 Nb6 18.Qb5 Qd5 19.Qa6 Qxg2 20.Rg1 Qe4 21.d5 Nc4 22.Qa4  1-0

[Event "Belgrade op"]
[Site "Belgrade"]
[Date "1991.??.??"]
[Round "?"]
[White "Karaklajic, Nikola"]
[Black "Mijailovic, Zoran"]
[Result "1/2-1/2"]
[WhiteElo "2375"]
[BlackElo "2330"]

1.e4 c5 2.c3 Nf6 3.e5 Nd5 4.d4 cxd4 5.Nf3 e6 6.cxd4 b6 7.Nc3 Nxc3 8.bxc3 Qc7
9.Bd2 Bb7 10.Rc1 d6 11.Bf4 Nd7 12.Bb5 a6 13.Bxd7+ Qxd7 14.O-O Be7 15.Qd3 h6
16.Rfd1 O-O 17.c4 Rfd8 18.Qe3 Bxf3 19.Qxf3 dxe5 20.Bxe5 Bd6 21.c5 Bxe5 22.dxe5 Qc7
23.cxb6 Qxb6 24.h3 Qb2 25.Re1 Rac8 26.Rxc8 Rxc8 27.Re2 Qd4 28.Kh2 Rd8 29.a3 Rd5
30.Qe3 Qa1 31.Re1 Qb2 32.Re2 Qb5 33.Qe4 Qd3 34.Re3 Qd2 35.Re2 Qc3 36.Re3 Qb2
37.f4 g6 38.Rd3 Rxd3 39.Qxd3  1/2-1/2

[Event "Bellinge"]
[Site "Bellinge"]
[Date "1991.??.??"]
[Round "4"]
[White "Jepsen, Thomas"]
[Black "Jasnikowski, Zbigniew"]
[Result "1/2-1/2"]
[WhiteElo "2215"]
[BlackElo "2435"]

1.e4 c5 2.c3 Nf6 3.e5 Nd5 4.g3 Nc6 5.Bg2 Qc7 6.Qe2 e6 7.Nf3 d6 8.exd6 Bxd6
9.Na3 a6 10.Nc4 Be7 11.Nce5 Nxe5 12.Nxe5 O-O 13.O-O b5 14.c4 bxc4 15.Nxc4 Bb7
16.d3 Bf6 17.Bd2 a5 18.a3 a4 19.Rac1 Bc6 20.Be4 Bd4 21.Be3 Nxe3 22.fxe3 Bf6
23.Bxh7+  1/2-1/2

[Event "Bern op"]
[Site "Bern"]
[Date "1991.??.??"]
[Round "6"]
[White "Mueller, R."]
[Black "Kaenel, Hansjuerg"]
[Result "0-1"]
[WhiteElo "2265"]
[BlackElo "2310"]

1.e4 c5 2.c3 Nf6 3.e5 Nd5 4.d4 cxd4 5.Nf3 Nc6 6.Bc4 Nb6 7.Bb3 d6 8.exd6 e6
9.cxd4 Bxd6 10.Nc3 O-O 11.O-O Nb4 12.a3 N4d5 13.Ne4 Be7 14.Qd3 Nf6 15.Neg5 h6
16.Nh3 Bd7 17.Ne5 Ba4 18.Ba2 Nbd5 19.b3 Be8 20.Bb1 a6 21.Nf4 Bb5 22.Qh3 Nxf4
23.Bxf4 Qxd4 24.Ng6 fxg6 25.Bxh6 Qg4  0-1

[Event "Biel op (Women)"]
[Site "Biel"]
[Date "1991.??.??"]
[Round "5"]
[White "Maric, Mirjana"]
[Black "Sakhatova, Elvira"]
[Result "0-1"]
[WhiteElo "2300"]
[BlackElo "2345"]

1.e4 c5 2.c3 Nf6 3.e5 Nd5 4.d4 cxd4 5.Nf3 Nc6 6.Bc4 Nb6 7.Bb3 d5 8.exd6 Qxd6
9.O-O Be6 10.Bxe6 Qxe6 11.Nxd4 Nxd4 12.Qxd4 Qd7 13.Qxd7+ Nxd7 14.Na3 O-O-O
15.Be3 e6 16.Nb5 a6 17.Nd4 Be7 18.Nf3 Rhg8 19.b4 g5 20.a4 f5 21.Bd4 Nf6 22.b5 Ne4
23.bxa6 bxa6 24.Rfb1 Bc5 25.Bxc5 Nxc5 26.Rb4 Kc7 27.Nd4 Rd5 28.Rab1 Rc8 29.f3 Kd7
30.a5 Rc7 31.Rb6 Rd6 32.Rxd6+ Kxd6 33.Rb6+ Kd5 34.Kf1 Rb7 35.Ke2 Rxb6 36.axb6 Kd6
37.Kd2 Kd7 38.c4 Kc8 39.Nc6 Kb7 40.Nd8+ Kxb6 41.Nf7 g4 42.fxg4 fxg4 43.Nh6 Ne4+
44.Ke3 Nf6 45.Kd4 a5 46.Nf7 a4 47.c5+ Kb5 48.Nd6+ Kc6 49.Nc4 Nd5 50.Na3 Nc7
51.Kc4 Na6 52.Nc2 Nxc5 53.Nd4+ Kb6 54.Nc2 h5 55.Kb4 Kc6 56.Kc4 Ne4 57.Kd4 Nd2
58.Ke5 Kc5 59.Kxe6 Kc4 60.Kf5 Kc3 61.Na3 Nc4 62.Nb5+ Kb4 63.Nd4 Ne3+ 64.Kf4 Nxg2+
65.Kg3 Ne1 66.Nc6+ Kc3 67.Na7 Nc2 68.h3 gxh3 69.Kxh3 Nd4  0-1

[Event "POL-chB"]
[Site "Bielsko-Biala"]
[Date "1991.??.??"]
[Round "7"]
[White "Pisarek, Aleksander"]
[Black "Jaracz, Pawel"]
[Result "1/2-1/2"]
[WhiteElo "2340"]
[BlackElo "2300"]

1.e4 c5 2.c3 Nf6 3.e5 Nd5 4.d4 cxd4 5.Nf3 Nc6 6.cxd4 d6 7.Bc4 Nb6 8.Bb5 dxe5
9.Nxe5 Bd7 10.Nc3 Nxe5 11.dxe5 Bxb5 12.Nxb5 Qxd1+ 13.Kxd1 O-O-O+ 14.Ke2  1/2-1/2

[Event "Bled op"]
[Site "Bled"]
[Date "1991.??.??"]
[Round "?"]
[White "Vavpetic, Vide"]
[Black "Vaulin, Alexander"]
[Result "1/2-1/2"]
[WhiteElo "2215"]
[BlackElo "2510"]

1.e4 c5 2.c3 Nf6 3.e5 Nd5 4.d4 cxd4 5.Qxd4 e6 6.Bc4 Nc6 7.Qe4 Qc7 8.Nf3 Nde7
9.Bf4 Ng6 10.Bg3 b6 11.Nbd2 Bb7 12.Qe2 d6 13.O-O dxe5 14.Rfe1 Bd6 15.Ne4 Be7
16.Nfg5 Bxg5 17.Nxg5 O-O-O 18.a4 h6 19.Bxe6+ fxe6 20.Nxe6 Qf7 21.Nxd8 Rxd8
22.b4 Nf4 23.Qg4+ Qd7  1/2-1/2